| 000 | 01028nam a2200277 a 4500 | ||
|---|---|---|---|
| 008 | |||
| 020 | _a9966467289 (pbk.) | ||
| 049 | _aMAIN | ||
| 050 | 0 | 0 | _aHC800 INS |
| 245 | 0 | 0 |
_aInstruments of economic policy in Africa / _cStaff of the African Centre for Monetary Studies; with the assistance of Alan R. Roe. |
| 260 |
_aDakar, Senegal : _bAssociation of African Central Bank and African Centre for Monetary Studies , _c1992. |
||
| 300 |
_axiv, 238 p. : _bill. ; _c26 cm. |
||
| 504 | _aIncludes bibliographical references. | ||
| 500 | _aIncludes index. | ||
| 650 | 0 |
_aMonetary policy _zAfrica _xCase studies. |
|
| 650 | 0 |
_aForeign exchange rates _xGovernment policy _zAfrica. |
|
| 650 | 0 |
_aInterest rates _xGovernment policy _zAfrica. |
|
| 650 | 0 |
_aDebts _zAfrica _xCase studies. |
|
| 700 | 1 | _aRoe, Alan. | |
| 710 | 2 | _aAfrican Centre for Monetary Studies. | |
| 907 |
_a.b10080739 _b13-02-07 _c07-07-03 |
||
| 003 | |||
| 005 | 20230123133756.0 | ||
| 040 | _cNUST | ||
| 942 | _cBOOKS | ||
| 999 |
_c154419 _d154419 |
||